Zvolenský by vraj už mohol byť aj americký
Američania so Španuielmi rokujú o Zvolenskej mliekarni. História výroby mliečnych výrobkov v regióne Zvolen.
Guardado en:
| Formato: | Capítulo de libro |
|---|---|
| Lenguaje: | eslovaco |
| Materias: | |
| Etiquetas: |
Sin Etiquetas, Sea el primero en etiquetar este registro!
|
MARC
| LEADER | 00000naa a2200000 4500 | ||
|---|---|---|---|
| 001 | 0199193 | ||
| 005 | 20231109071117.8 | ||
| 041 | 0 | |a slo | |
| 044 | |a SK | ||
| 245 | 1 | 0 | |a Zvolenský by vraj už mohol byť aj americký |
| 520 | |a Američania so Španuielmi rokujú o Zvolenskej mliekarni. História výroby mliečnych výrobkov v regióne Zvolen. | ||
| 610 | 2 | 0 | |a priemysel mliekarský |
| 610 | 2 | 0 | |a zlučovanie podnikov |